|
|
|
|
| LEADER |
00000cam a2200000 4500 |
| 001 |
vtls011907483 |
| 003 |
SK-MaSNL |
| 005 |
20260430090945.0 |
| 008 |
210624s2019 xo odabgrn 100 0 slo |
| 015 |
|
|
|a SNBA2020/03
|
| 020 |
|
|
|a 9788080932848
|q (brožované)
|
| 035 |
|
|
|a 5DFE9926-21B1-4E3B-A1D8-F76CB64DAEE9
|
| 035 |
|
|
|a urn:nbn:sk:snk-am3ifp1
|
| 035 |
|
|
|a urn:nbn:sk:snk-am00e8k5
|
| 040 |
|
|
|a SNK
|b slo
|c SNK
|e rda
|
| 041 |
0 |
|
|a slo
|a cze
|
| 044 |
|
|
|a xo
|c SK
|
| 072 |
|
7 |
|a 630
|x Lesníctvo
|2 konspekt
|
| 072 |
|
7 |
|a 630*10
|2 2011
|
| 080 |
|
|
|a 630*2
|2 2011
|
| 080 |
|
|
|a 630.23
|2 2001
|
| 080 |
|
|
|a (062.534)
|2 2011
|
| 111 |
2 |
|
|a Aktuálne problémy v zakladaní a pestovaní lesa
|n (7. :
|d 2019 :
|c Plavecký Štvrtok, Slovensko)
|4 aut
|9 362685
|
| 245 |
1 |
0 |
|a Aktuálne problémy v zakladaní a pestovaní lesa
|b zborník referátov zo 7. medzinárodnej konferencie, ktorá sa konala 15.-16. októbra 2019 v Plaveckom Štvrtku
|c zostavovatelia: Igor Štefančík, Dagmar Bednárová
|
| 250 |
|
|
|a Vydanie prvé
|
| 264 |
|
1 |
|a Zvolen
|b Národné lesnícke centrum - Lesnícky výskumný ústav
|c 2019
|
| 300 |
|
|
|a 111 strán
|b fotografie, grafy, mapy, schémy, tabuľky
|c 21 cm
|
| 336 |
|
|
|a text
|b txt
|2 rdacontent
|
| 337 |
|
|
|a bez média
|b n
|2 rdamedia
|
| 338 |
|
|
|a zväzok
|b nc
|2 rdacarrier
|
| 366 |
|
|
|e 75 kusov
|
| 504 |
|
|
|a Obsahuje bibliografické odkazy a bibliografiu
|
| 546 |
|
|
|a Čiastočný text v češtine
|
| 610 |
2 |
7 |
|a Národné lesnícke centrum.
|b Lesnícky výskumný ústav
|2 SNKKA
|9 177367
|
| 650 |
0 |
7 |
|a pestovanie lesa
|2 SNKPH
|9 3952
|
| 650 |
0 |
7 |
|a obnova lesa
|2 SNKPH
|9 100062
|
| 650 |
0 |
7 |
|a Silviculture
|2 SNKPHeng
|9 338673
|
| 650 |
0 |
7 |
|a Afforestation
|2 SNKPHeng
|9 317421
|
| 650 |
0 |
7 |
|a Forests
|2 SNKPHeng
|9 276135
|
| 650 |
|
7 |
|a lesy
|2 SNKPH
|9 1437
|
| 655 |
|
7 |
|a zborníky konferencií
|2 SNKPH
|9 70153
|
| 655 |
|
7 |
|a Proceedings of conferences
|2 SNKPHeng
|9 265791
|
| 700 |
1 |
|
|a Štefančík, Igor,
|d 1960-
|4 com
|9 54215
|
| 700 |
1 |
|
|a Bednárová, Dagmar
|4 com
|9 298248
|
| 919 |
|
|
|a 978-80-8093-284-8
|
| 958 |
|
|
|a NB
|
| 999 |
|
|
|c 607050
|d 608980
|
| 952 |
|
|
|a SNK
|b SNK
|y PREZ
|7 0
|p 17A1415963
|o snkSC 187965
|i snk2020/3911
|8 0
|0 0
|1 0
|4 0
|d 2020-02-18
|f 1
|l 0
|r 2026-02-23 16:12:22
|w 2026-02-23
|
| 952 |
|
|
|a SNK
|b SNK
|y VYP
|7 0
|p 17A1415964
|o snkSC 187965 D1
|i snk2020/3914
|8 0
|0 0
|1 0
|4 0
|d 2020-02-18
|l 0
|r 2026-02-23 16:12:22
|w 2026-02-23
|